| 000 | 00487nam a22002057a 4500 | ||
|---|---|---|---|
| 001 | 21562 | ||
| 005 | 20260314163049.0 | ||
| 008 | 260314b |||||||| |||| 00| 0 spa d | ||
| 041 | _aESP | ||
| 082 |
_a333.79 _bA |
||
| 100 |
_aLisa, Mauricio _eCOR |
||
| 245 | _aAportes para la gestión ambiental texto impreso | ||
| 260 |
_a : _b , _c2006 |
||
| 300 |
_a256 páginas : _b ; _c00 cm. |
||
| 440 | _a ; | ||
| 650 | _aGEN | ||
| 654 | _aCIA | ||
| 700 | _a; | ||
| 942 |
_cLIB _dJUS _fJUS _2ddc |
||
| 999 |
_c21562 _d21562 |
||